[Event "Corus"]
[Site "Wijk aan Zee"]
[Date "2009.01.31"]
[Round "12"]
[White "Karjakin, Sergey"]
[Black "Adams, Michael"]
[Result "1-0"]
[WhiteElo "2706"]
[BlackElo "2712"]
[Annotator "Karjakin,S"]
[PlyCount "69"]
[EventDate "2009.01.17"]
[EventType "tourn"]
[EventRounds "13"]
[EventCountry "NED"]
[EventCategory "19"]
[SourceTitle "CBM 129"]
[Source "ChessBase"]
[SourceDate "2009.03.25"]
[SourceVersion "1"]
[SourceVersionDate "2009.03.25"]
[SourceQuality "1"]

1. e4 e5 2. Nf3 Nc6 3. Bb5 a6 4. Ba4 Nf6 5. O-O Be7 6. Re1 b5 7. Bb3 d6 8. c3
O-O 9. h3 Bb7 10. d4 Re8 11. Nbd2 Bf8 12. a4 Na5 13. Bc2 ({Against my opponent
Stellwagen played} 13. Ba2 {and in all my previous games I had also played
that move, so I guess Mickey expected this, but I was ready to surprise him...}
) 13... b4 14. cxb4 $1 {Almost a new move!} Nc6 15. Nb3 exd4 $146 {This is a
novelty, but only one game was played before.} (15... Nxb4 {was played by
Pavasovich against Motylev.}) 16. Bd2 d5 17. e5 Ne4 {Everything is forced.} 18.
Nc5 $1 {I think this is really strong!} Bxc5 {Here I was already 1 hour ahead
of Mickey.} 19. bxc5 Rb8 $2 {I think this is a mistake!} ({Also not good was} 
19... Nxe5 20. Nxe5 Rxe5 21. Ba5 $1 $16 {[%cal Gd1d4]}) (19... a5 $1 {
Preventing b4 was the best, where in my view White is slightly better, but
Black has reasonable counterchances.}) 20. b4 $16 {Now I think White is much
better. Black's bishop is very passive. All the forced lines below are clearly
in White's favor.} Ba8 (20... Bc8 21. Rb1 Bf5 22. b5 axb5 23. axb5 Nxe5 24.
Nxe5 Rxe5 25. Bf4 Nxf2 26. Qxd4 Nxh3+ 27. gxh3 Rxe1+ 28. Rxe1 Bxc2 29. b6 cxb6
30. Bxb8 bxc5 31. Qxc5 Be4 $16) (20... Nxe5 21. Nxe5 Rxe5 22. Bf4 Rf5 23. Bh2
d3 24. Bxd3 Nxf2 25. Qc2 Nxd3 26. Qxd3 g6 27. b5 $16) 21. Rb1 g6 (21... Nxe5
22. Nxe5 Rxe5 23. Bf4 Rf5 (23... Nc3 24. Qd3 Re4 25. f3 Nxb1 26. fxe4 dxe4 27.
Qg3 $16) 24. Bh2 d3 25. Bxd3 Nxf2 26. Qc2 Nxd3 27. Qxd3 Rg5 28. b5 d4 29. c6
$16) 22. b5 axb5 23. axb5 Nxe5 24. Nxe5 Rxe5 25. Bf4 (25. Ba5 {was even
stronger, but I think that the move in the game is good enough.}) 25... Nc3 $2
{I think this is the decisive mistake.} ({The last chance to get some play was
} 25... Rf5 26. Bh2 d3 27. Bxd3 (27. Qxd3 $5 Rxf2 28. Rxe4 Rxc2 29. Qxc2 dxe4
30. b6 $14) 27... Nxf2 28. Qc2 Nxd3 29. Qxd3 d4 30. c6 Rc5 31. Bf4 $14) 26.
Qxd4 Rxe1+ (26... Ne2+ 27. Rxe2 Rxe2 28. Bd3 {was equally bad.}) 27. Rxe1 Nxb5
28. Qe5 {It looks like Black has got an extra pawn, but now White has a
decisive attack due to the very passive black pieces.} Qf8 (28... f6 29. Qe6+
Kg7 30. Bd3 {was a litle bit more stubborn, but still winning for White.}) 29.
Bd3 $18 {The rest is easy, White has won.} Na7 (29... Bc6 30. Qf6 $18) (29...
f6 30. Qe6+ Qf7 31. Bxb5 $18) (29... Na3 30. Qxc7 Rc8 31. Qb6 $18) 30. Qxc7 Nc6
31. Ra1 Rb7 (31... Qxc5 32. Rc1 $18) (31... Rb4 32. Ra6 $18) (31... Rb3 32. Qd7
$18) 32. Qd6 (32. Qxc6 $1 Rb1+ (32... Ra7 33. Qf6 $18) 33. Rxb1 Bxc6 34. Rb8
Be8 35. Bd6 $18) 32... Ra7 (32... Rb8 33. Qxb8 Nxb8 34. Bd6 $18) 33. Rxa7 Nxa7
34. Qd7 Nc6 35. Bb5 (35. Bb5 {Black resigned in view of} Qxc5 36. Bh6 Qe7 37.
Bxc6 $18 {I was very proud to win against such a strong player in very good
style!}) 1-0

[Event "Platonov Memorial"]
[Site "Kiev"]
[Date "1995.??.??"]
[Round "2"]
[White "Frolov, Artur"]
[Black "Kruppa, Yuri"]
[Result "0-1"]
[WhiteElo "2520"]
[BlackElo "2570"]
[Annotator "King,D"]
[PlyCount "96"]
[EventDate "1995.??.??"]
[EventType "tourn"]
[EventRounds "13"]
[EventCountry "UKR"]
[EventCategory "10"]
[SourceTitle "CBM 051"]
[Source "ChessBase"]
[SourceDate "1996.04.01"]
[SourceVersion "1"]
[SourceVersionDate "1996.04.01"]
[SourceQuality "1"]

1. e4 e5 2. Nf3 Nc6 3. Bb5 a6 4. Ba4 Nf6 5. O-O Be7 6. Re1 b5 7. Bb3 d6 8. c3
O-O 9. h3 Nd7 10. d4 Bf6 11. d5 Na5 12. Na3 Nb6 13. Be3 Bd7 14. Qd3 Be7 15. Bc2
Nac4 16. Nxc4 Nxc4 17. Bc1 f5 18. exf5 Bxf5 {Worried that he is losing the
initiative, White exchanges ueen for rook and bishop, and at first glance, it
doesn't seem to be a bad trade: White's army is compact.} 19. Qxf5 Rxf5 20.
Bxf5 Kh8 21. Be6 Bf6 22. g4 {This is much too loose. It seems safe at the
moment, but White pays in the end.} Qe8 23. b3 Nb6 24. g5 Be7 25. Be3 Nd7 26.
Kg2 Nf8 27. Bf5 c6 28. Be4 cxd5 29. Bxd5 Rc8 30. c4 bxc4 31. bxc4 Ng6 32. Rab1
Bf8 33. Rb7 Ne7 34. Be6 Ra8 35. Reb1 Qg6 36. Bd7 Qe4 $1 {Hitting both rooks,
the c-pawn, and a knight. The queen rules.} 37. Rb8 Ng6 38. Rxa8 Qxa8 39. Kg3
d5 40. cxd5 Qxd5 41. Bg4 Bd6 42. Nd2 e4+ 43. Kg2 Nf4+ 44. Kh1 Nd3 45. Kg2 g6
46. Rb6 Bf4 47. Rxa6 Bxe3 48. fxe3 Nc5 0-1

[Event "Szeged m"]
[Site "Szeged"]
[Date "2000.07.02"]
[Round "6"]
[White "Almasi, Zoltan"]
[Black "Bacrot, Etienne"]
[Result "1/2-1/2"]
[WhiteElo "2675"]
[BlackElo "2590"]
[Annotator "Kostakiev,D"]
[PlyCount "78"]
[EventDate "2000.06.27"]
[EventType "match"]
[EventRounds "6"]
[EventCountry "HUN"]
[SourceTitle "CBM 078"]
[Source "ChessBase"]
[SourceDate "2000.10.18"]
[SourceVersion "1"]
[SourceVersionDate "2000.10.18"]
[SourceQuality "1"]

{The comments on this game shall remember mainly the typical middle game's
positions from "Ruy Lopec", where h3xg4 has occurred. It comes usually - after
the maneuver Nf1-h2 (e3) -g4. At his time Fischer developed that typical
dislocation as a strong weapon against Chigorin's system improving Boleslavsky
(-Tal,1957 ). Actually this idea was met in the game Gligoric-Reshevsky 1953
Zuerich. But Dubinin used it rather often in his practice before.} 1. e4 e5 2.
Nf3 Nc6 3. Bb5 a6 4. Ba4 Nf6 5. O-O Be7 6. Re1 b5 7. Bb3 d6 8. c3 O-O ({
[Hystoricly the first game with the topical position came via 10.d3 from the
famouse Karlsbad event 1911:} 8... Na5 9. Bc2 c5 10. d3 Qc7 11. Nbd2 O-O 12.
Nf1 Kh8 13. h3 Ng8 14. d4 Bf6 15. Ne3 Be6 16. Ng4 Bxg4 17. hxg4 {[#]} exd4 18.
cxd4 cxd4 19. g5 Be5 20. Nh4 g6 21. f4 Bg7 22. f5 {Johner,P-Perlis,J/ Karlsbad
1911/ 1-0 (52)} (22. Nf3 $142)) 9. h3 Bb7 ({In the Chigorin system after} 9...
Na5 10. Bc2 c5 11. d4 Qc7 12. Nbd2 {there are three deviations:12...Nc6 and 12.
..Bd7 leading to our topical positions, also popular is 12...cxd4.} Nc6 (12...
Bd7 13. Nf1 Rfe8 14. Ne3 (14. b3 g6 15. Bg5 Nh5 16. Bxe7 Rxe7 17. Ne3 {Tal,
M-Unzicker,W/ Moscow 1982}) (14. Ng3 {Keres,P-Ivkov,B/ Bled 1961}) 14... g6 15.
dxe5 {(?!: D.Bronstein finds this move premature, because the White pieces are
not enough developed to make use of the weak square d5. However this line has
its illustrious adherents)} (15. Bd2) 15... dxe5 16. Nh2 Rad8 (16... Bf8 17.
Qf3 Bg7 18. Nhg4 Nxg4 19. hxg4 Be6 20. Nf5 $6 {Kostro,J-Winiwarter,F/ La
Habana 1966/ 1/2-1/2 (29)} (20. g5 $5)) (16... Be6 17. Qf3 Nc4 18. Neg4 Nxg4
19. hxg4 f6 20. Qg3 Qc8 21. b3 Na5 22. g5 b4 {Bonch Osmolovsky,M-Furman,S/
Kiev 1957/ 1/2-1/2 (37)}) 17. Qf3 Be6 18. Nhg4 $1 Nxg4 19. Nxg4 (19. hxg4 Nc4
$1 (19... Qc6 20. g5 $5 {/\ Ng4! (Fischer)} (20. Qg3 f6 (20... Qc7 21. Nf5 $1
$40) (20... Bf6 {Fischer} 21. g5 Bg7 22. Qh4 $40) 21. Nf5 (21. g5 $13 {
Boleslavsky,I-Tal,M/ URS-ch Moscow 1957}) 21... Bf8 22. Nh4 g5 (22... Bg7 $15)
23. Nf5 {Unzicker,W-Bobotsov,M/ Munich olm 1958/ 1/2-1/2 (29)}) 20... Nc4 21.
Ng4 Bxg4 $8 22. Qxg4 Nb6 $1 (22... f6 $2 23. gxf6 {>< e5} Bxf6 24. a4 $1 Nb6
25. axb5 axb5 26. Be3 $16 {^^ Fischer,R-Unzicker,W/ Zuerich 1959/ 1-0 (65)})
23. g3 c4 24. Kg2 Nd7 $10 {Fischer,R-Shocron,R/ Mar del Plata 1959 [Shipov]
1-0 (40)}) 20. Nd5 (20. Nxc4 Bxc4 $11 {1/2-1/2 Velimirovic,D-Parma,B/Polanica
Zdroj 1964/MCD (30)}) 20... Bxd5 21. exd5 {'~~' Bulletin.} Nb6 22. Be4 (22. Rd1
Rd6 (22... c4 23. a4 Nd7 24. axb5 axb5 25. Be3 Nc5 {1/2-1/2 Trifunovic,P-Szabo,
L/ Wageningen 1957 (25)}) (22... Rd7 23. a4 Red8 24. axb5 axb5 25. Be4 c4 26.
Be3 $14 {Giselbrecht-Godai/ corr 1965/ 1-0 (43)} (26. Ra6 Qb7 27. Ra5 $6 Nxd5
$5 $13 {Trifunovic,P-Ivkov,B/ Halle 1963/ 1/2-1/2 (41)})) 23. a4 (23. b3 Qd7
24. Be4 Rf8 25. g5 f5 26. gxf6 Bxf6 27. Qd3 $14 {Matanovic,A-Milic,B/ Vrnjacka
Banja 1962/ 1-0 (40)}) 23... Red8 24. axb5 axb5 25. Be4 {/\26.b3} c4 26. Be3
Na4 27. Bc2 Nc5 (27... Nb6 28. Be4 (28. Ra6 Nc8 29. Rc6 Rxc6 $11 {Parma,
B-Ivkov,B/ Vrnjacka Banja 1962/ 1/2-1/2 (44)}) 28... Na4 29. Ra2 {Minic,
D-Parma,B/ Belgrade 1964/ 1/2-1/2 (33)}) 28. g3 (28. Ra2 R6d7 29. Be4 Na4 30.
Bc2 Nc5 {1/2-1/2 Parma,B-Matanovic,A/ Bled 1961/ (30)}) 28... R6d7 29. Kg2 Bf8
30. Ra2 Qb7 31. Ra5 Qb6 {Keres,P-Matanovic,A/ Bled 1961/ 1/2-1/2 (83)}) 22...
c4 (22... Rd6 23. Be3 Nc4 (23... Red8 24. Rad1 Na4 (24... a5 25. g5 c4 {
1/2-1/2 Endzelins-Salm,M/cr wch 1959 (29)}) 25. Bc1 c4 26. Bc2 f6 (26... Bf6
27. Re2 Bg7 {1-0 Schmidt,W-Grabczewski,R/Polanica Zdroj 1968/EXT 99 (50)}) 27.
g5 Nc5 28. b4 Nd7 29. gxf6 Bxf6 30. a4 Re8 {Boleslavsky,I-Nedeljkovic,S/
Leningrad 1957/ 1-0 (72)}) 24. Bc1 Nb6 25. Bh6 Bf8 26. Bg5 Be7 27. Be3 Nc4 {
1/2-1/2 Boleslavsky,I-Furman,S/ Kiev 1957 (27)}) (22... Bd6 23. Be3 Nc4 24. b3
{1-0 Arlauskas-Dannerberg/cr 1958 (57)}) (22... Rd7 23. Bh6 Red8 24. Rad1 {
0-1 Coristo G.-De Biase A./Asigc M 1985 (30)}) 23. b4 (23. Bd2 {NB: It is the
initial game where h3xg4 was met:} Rd6 24. Rad1 Red8 25. Be3 Na4 26. Rd2 a5 27.
a3 Nc5 {/\ R f6!, Nc5xe4-+} 28. g5 (28. Red1 $4 Rf6 29. Qe2 Nxe4) 28... f5 {
Gligoric,S-Reshevsky,S/ Zuerich Candidates 1953/ 1/2-1/2 (34)}) 23... f6 24.
Be3 Rf8 25. Bxb6 {Boleslavsky,I-Rabar,B/ EU-chT Wien 1957/ 1/2-1/2 (34)}) 19...
Bxg4 20. hxg4 {[#]} Rd7 (20... c4 21. Be3 $11 {Rajkovic,D-Jovic,S/ Vrnjacka
Banja 1962/ 1/2-1/2 (31)}) 21. g5 c4 $14 {Dominguez,L-Kobese,W/ Lisbon op POR
1999/ 1-0 (46)}) (12... cxd4 13. cxd4 Nc6 14. Nb3 a5 15. Be3 a4 16. Nbd2 Bd7
17. Rc1 Nb4 18. Bb1 Qb8 19. a3 Nc6 20. Qe2 Rc8 {1/2-1/2 Arnason,J-Olafsson,H/
Sochi 1988 (20).}) 13. d5 Nd8 14. a4 Rb8 15. b4 Ne8 16. Nf1 g6 17. bxc5 dxc5
18. Bh6 Ng7 19. Ne3 Bd6 20. Qd2 f6 21. Ng4 Bxg4 22. hxg4 $14 {Fischer,R-Gore,J/
New York 1971/ 1-0 (47)}) 10. d4 Re8 11. Nbd2 Bf8 12. d5 Nb8 13. Nf1 Nbd7 (
13... c5 14. dxc6 Bxc6 15. Ng3 g6 16. Nh2 Nbd7 17. Ng4 Nxg4 18. hxg4 Nc5 19.
Bd5 Bxd5 20. Qxd5 Qh4 21. Qd1 Rad8 22. b4 Ne6 23. Nf1 Rc8 24. Bd2 {Groszpeter,
A-Gorbea,P/Andorra 1995/ 1-0 (50)}) 14. N3h2 Nc5 (14... a5 15. Ng4 a4 16. Bc2
Nxg4 17. hxg4 c6 18. Ne3 Nc5 19. g3 $11 {Dolmatov,S-Joshi,G/ Calcutta 1996/
1-0 (55)}) 15. Bc2 a5 (15... c6 16. b4 Ncd7 17. dxc6 Bxc6 18. Bg5 (18. Ng4 Nxg4
19. hxg4 Nb6 20. Ne3 (20. Qd3 g6 21. Rd1 d5 22. Be3 $11 {1-0 Vuckovic,
B-Dervishi,E/WJun, Yerevan ARM 1999 (41)}) 20... d5 21. exd5 Nxd5 22. Nxd5 Qxd5
23. Qxd5 {1/2-1/2 Kasparov,G-Ivanchuk,V/Linares 1998/CBM 64/[ChessBase] (54)})
18... Qc7 (18... Qc8 19. Bxf6 Nxf6 20. Ng4 Nxg4 21. hxg4 Bd7 22. Ne3 Qxc3 $6 (
22... Ra7 23. Bb3 {1/2-1/2 Hracek,Z-Beliavsky,A/Bundesliga 2000 (37)}) 23. Nd5
Qc6 24. Bb3 Qb7 {1-0 Almasi,Z-Bacrot,E/Match, Szeged HUN 2000 (34)}) (18... Be7
19. Bxf6 Nxf6 20. Ng4 Nxg4 21. hxg4 Bg5 22. Bb3 Qc7 23. Qf3 Rac8 24. Rad1 Re7 {
1/2-1/2 Vaculik,M-Posta,P/Svetla nad Sazavou 1998/EXT 99 (30)}) 19. Bxf6 Nxf6
20. Ng4 Nxg4 (20... Nd7 21. Qf3 Nb6 22. Bb3 {1/2-1/2 Korneev,O-Ibragimov,I/
Ekaterinburg 1997/CBM 57 ext (52)}) 21. hxg4 Qb7 (21... Bd7 $15) 22. Qd3 Rac8 (
22... a5 $142) 23. Bb3 Bd7 {1-0 Delchev,A-Levar,N/6th Metalis Open, Belisce
CRO 1999 (36)}) 16. Ng4 Nxg4 17. hxg4 (17. Qxg4 Bc8 18. Qf3 g6 19. Be3 {
1/2-1/2 Kunte,A-Sasikiran,K/Chalapathi GM, Guntur, AP IND 2000 (54)}) 17... c6
$146 {Fisher against the Chigorin's system (early c7-c5) used to profit by the
weak point d5. In both match games Bacrot allowed by c7-c6, the same to be
done against him. Is it logical in the moment when on d5 is installed White P?.
. It is not passed pawn. Therefore Pd5 and Pe4 to a certain degree are
restricting the Bc2.} (17... Be7 18. Be3 c6 19. Qe2 Bg5 20. Bxc5 dxc5 21. Rad1
Qd7 22. c4 Ba6 23. Ne3 g6 24. Bd3 Bxe3 $6 (24... b4 $142 25. Bc2 cxd5 26. Rxd5
Qc6 $15) 25. Qxe3 bxc4 26. Be2 cxd5 {1/2-1/2 Almasi,Z-Bacrot,E/Match, Szeged
HUN 2000 (68)}) (17... Qh4 $5 18. Be3 Be7 19. Ng3 Bc8 20. Nf5 Bxf5 21. gxf5 (
21. exf5 Bg5 22. Bxc5 dxc5 23. Qe2 $11) 21... Nxe4 22. Qd3 Nf6 23. Qxb5) 18.
Ne3 Be7 19. Nf5 g6 20. Nxe7+ (20. Nh6+ Kg7 21. b4 Na6 22. dxc6 Bxc6 23. Bb3 Rf8
24. Qd2 Qe8 $11) 20... Qxe7 21. Be3 Rec8 22. Qd2 cxd5 23. exd5 f6 24. f4 Qd7
25. g5 exf4 26. Bxf4 f5 27. Qd4 Re8 28. Qf6 Ne4 29. Bxe4 fxe4 30. Bxd6 Qf5 (
30... Bxd5 31. Be5 Qe7 32. Qh8+ Kf7 33. Qxh7+ Ke6 34. Qxe7+ Rxe7 35. Bf6 Rb7
$14 {[^-]}) (30... Qd8 31. Rad1 $14) 31. Qxf5 $6 (31. a4 $5 Qxd5 $140 32. Rad1
Qc6 33. axb5 Qxb5 34. Rf1 $18 Qb6+ {(} 35. Kh1 e3 36. Qf7+ Kh8 37. Be5+ $1 Rxe5
38. Rd7 $18 {)}) 31... gxf5 $11 {[^- Pg2+Pg5]} 32. Kf2 Rad8 33. Bf4 Rxd5 34.
Rad1 a4 35. Rxd5 Bxd5 36. a3 e3+ 37. Bxe3 f4 38. Bxf4 Rxe1 39. Kxe1 Bxg2 {
After making acquaintance with the typical grand-master's technique "h3xg4" in
Ruy Lopez, we have to honorate the clasical heritage from the 19-th century
concerning the same idea: It was Staunton Ist to apply it but as Black around
the middle of 19-th century, in an Italian game.} 1/2-1/2